=LDR 00000nam 2200000 4500 =001 INLIS000000000059522 =005 20211129115230 =035 ##$$a 0010-1121000259 =007 ta =008 211129###########################0#ind## =020 ##$$a 979-421-277-6 =082 ##$$a 338.1 =084 ##$$a 338.1 Soe a =245 ##$$a Agribisnis : $b Teori dan Aplikasinya /$c Soekartawi =250 ##$$a Cet.1 =300 ##$$a 206 hlm : $b Ilustrasi ; $c 21 cm =600 #4$$a Industri Pertanian =264 ##$$a jakarta :$b Gramedia pustaka utama,$c 1991 =336 ##$$a teks$2 rdacontent =337 ##$$a lain-lain$2 rdamedia =338 ##$$a lain-lain$2 rdacarrier =990 ##$$a 3202102982